| 000 | 00798nam a2200217 u 4500 | ||
|---|---|---|---|
| 001 | 000025224 | ||
| 005 | 20200930023636.0 | ||
| 008 | 110209s2000 ck a r 000 | spa d | ||
| 040 |
_aDO-SdBNP _bspa _cBNPHU |
||
| 041 | 1 | 7 |
_aspa _hfre _2Código de idiomas MARC |
| 082 |
_axxx _bB791p |
||
| 100 | 1 |
_aBoyer, Jean _951700 |
|
| 240 | 1 | 4 |
_aLes pires ennemis de nos peuples _lEspañol |
| 245 | 1 | 4 |
_aLos peores enemigos de nuestros pueblos / _cJean Boyer; traducción Fernando Martínez. |
| 260 |
_aSantafé Bogotá : _bLa Roca, _c2000. |
||
| 300 |
_a160 p. : _bil. ; _c21 cm. |
||
| 534 |
_aTítulo del original francés : _tLes pires ennemis de nos peuples |
||
| 500 | _aIncluye referencias bibliográficas y notas al pie de las páginas. | ||
| 700 | 1 |
_aMartínez, Fernando, _etr. _951701 |
|
| 049 | _aBNGR | ||
| 999 |
_c24717 _d24717 |
||